| 000 | 00775nam a2200193 a 4500 | ||
|---|---|---|---|
| 005 | 20240925064247.0 | ||
| 008 | 991125s1970 mx 000 0 spa u | ||
| 035 | _aUPN01000047762 | ||
| 049 | _aSEP | ||
| 050 | 4 |
_aLB1523 M6 _bR6.6 |
|
| 100 | 1 |
_aRodríguez Andión, Lourdes O. _929609 |
|
| 245 | 1 | 0 |
_aPrograma experimental de educación preescolar a aplicar en un año : _bmodelo 3 / _cresponsable del programa Lourdes O. Rodríguez Andión ; colab. Eloísa Aguirre del Valle ... [et al.] |
| 260 |
_aMéxico : _bSEP, Dirección General de Educación Materno-Infantil, _c[197-]. |
||
| 300 | _a50 p. | ||
| 650 | 2 |
_aEducación preescolar _vPlanes y programas _99221 |
|
| 650 | 4 |
_aNiño, Estudio del _9221 |
|
| 700 | 1 |
_aAguirre del Valle, Eloísa, _ecolab. _930594 |
|
| 905 | _aLibro | ||
| 999 |
_c47762 _d47762 |
||